| 000 | 00401nam a2200145 a 4500 | ||
|---|---|---|---|
| 001 | 1119 | ||
| 003 | CDMR | ||
| 005 | 20130311113107.0 | ||
| 008 | 130130s1996||||||||||||||||||||||||||||d | ||
| 040 |
_aCDMR _bcat _cCPC LLEIDA |
||
| 100 | 1 |
_aSol Clot, Romà _947 |
|
| 245 | 1 | 4 |
_aEls Camps Elisis de Lleida 1864-1938 _cSOL, Romà , TORRES, Carme |
| 260 |
_aLleida _c1996 _bAjuntament de Lleida |
||
| 942 |
_cMON _2udc |
||
| 999 |
_c1119 _d1119 |
||